| 000 | 01042nas a2200349 4500 | ||
|---|---|---|---|
| 001 | BR2012001787 | ||
| 003 | BR-BrBNA | ||
| 005 | 20231205120303.0 | ||
| 007 | ta | ||
| 008 | 230509b bl.|||p| |||| 00| 00por d | ||
| 040 |
_aBR-BrBNA _bpor _cBiblioteca Nacional de Agricultura |
||
| 041 | _a(Pt) | ||
| 072 | _aF03; F60 | ||
| 100 | 1 | _aDantas, C.V.S. | |
| 100 | 1 | _aSilva, I.B. | |
| 100 | 1 | _aPereira, G.M. | |
| 100 | 1 | _aMaia, J.M. | |
| 100 | 1 | _aLima, J.P.M.S. | |
| 100 | 1 | _aMacedo, C.E.C. de | |
| 245 | 1 | _aInfluência da sanidade e deficit hídrico na germinação de sementes de Carthamus tinctorius L. | |
| 650 | _aAÇAFRÃO | ||
| 650 | _aCARTHAMUS TINCTORIUS | ||
| 650 | _aSEMENTE | ||
| 650 | _aGERMINAÇÃO | ||
| 650 | _aDEFICIÊNCIA HÍDRICA | ||
| 650 | _aSALINIDADE | ||
| 650 | _aRELAÇÃO ÁGUA-PLANTA | ||
| 650 | _aOSMOSE | ||
| 773 | 0 |
_tRevista Brasileira de Sementes (Brazil) _xISSN 0101-3122 _g(Sep 2011), v. 33(3) p. 574-582 _wBR2012001787 |
|
| 909 |
_a202311 _bLúcia _c55 _dLúcia Elande |
||
| 942 |
_2AGRIS _n0 _cANA |
||
| 999 |
_c217753 _d217753 |
||